Regional planning guidance for East Anglia to 2016 (Record no. 100957)

MARC details
000 -LEADER
fixed length control field 00989cam a2200301 4500
008 - FIXED-LENGTH DATA ELEMENTS--GENERAL INFORMATION
fixed length control field 000000n2000 000 0 eng u
020 ## - INTERNATIONAL STANDARD BOOK NUMBER
International Standard Book Number 0117535613
035 ## - SYSTEM CONTROL NUMBER
System control number (Sirsi) u109586
050 ## - LIBRARY OF CONGRESS CALL NUMBER
Classification number 711.309426
110 ## - MAIN ENTRY--CORPORATE NAME
Corporate name or jurisdiction name as entry element United Kingdom
Subordinate unit Department of the Environment, Transport and the Regions
9 (RLIN) 3507
245 ## - TITLE STATEMENT
Title Regional planning guidance for East Anglia to 2016
260 ## - PUBLICATION, DISTRIBUTION, ETC.
Place of publication, distribution, etc. London
Name of publisher, distributor, etc. Stationery Office
Date of publication, distribution, etc. 2000
300 ## - PHYSICAL DESCRIPTION
Extent 79p. ; 30cm.
350 ## - PRICE (NR) (BK AM CF MU VM SE) [OBSOLETE]
Price 15.00
490 ## - SERIES STATEMENT
Series statement RPG
Volume/sequential designation 6
520 ## - SUMMARY, ETC.
Summary, etc. View RPG6 at www.go-east.gov.uk.
520 ## - SUMMARY, ETC.
Summary, etc. Supersedes 1991 edition (ISBN 0117524468).
650 ## - SUBJECT ADDED ENTRY--TOPICAL TERM
Topical term or geographic name entry element CAMBRIDGESHIRE
650 ## - SUBJECT ADDED ENTRY--TOPICAL TERM
Topical term or geographic name entry element EAST ANGLIA
650 ## - SUBJECT ADDED ENTRY--TOPICAL TERM
Topical term or geographic name entry element NORFOLK
650 ## - SUBJECT ADDED ENTRY--TOPICAL TERM
Topical term or geographic name entry element RPG6
650 ## - SUBJECT ADDED ENTRY--TOPICAL TERM
Topical term or geographic name entry element REGIONAL PLANNING
650 ## - SUBJECT ADDED ENTRY--TOPICAL TERM
Topical term or geographic name entry element SUFFOLK
690 ## - LOCAL SUBJECT ADDED ENTRY--TOPICAL TERM (OCLC, RLIN)
Topical term or geographic name as entry element PLANNING
710 ## - ADDED ENTRY--CORPORATE NAME
Corporate name or jurisdiction name as entry element Government Office for the East of England
856 ## - ELECTRONIC LOCATION AND ACCESS
Uniform Resource Identifier <a href="https://www.go-east.gov.uk/docbank/rpg6.pdf">https://www.go-east.gov.uk/docbank/rpg6.pdf</a>
Public note View RPG6 on the Government Office for the East of England website (pdf)...
942 ## - ADDED ENTRY ELEMENTS (KOHA)
Suppress in OPAC 0
Holdings
Withdrawn status Lost status Source of classification or shelving scheme Damaged status Not for loan Home library Current library Shelving location Date acquired Cost, normal purchase price Total Checkouts Full call number Barcode Date last seen Copy number Cost, replacement price Price effective from Koha item type
    Dewey Decimal Classification     London London Enquiry desk 13/12/2000 15.00   BOXED SET 30063097 06/08/2019 1 15.00 06/08/2019 Book
    Dewey Decimal Classification     Virtual Virtual Online 16/09/2003     ONLINE PUBLICATION 109586-2001 06/08/2019 1   06/08/2019 Book